Evolution of the judicial law in XIXth century
Đã lưu trong:
| Tác giả chính: | |
|---|---|
| Định dạng: | Sách |
| Ngôn ngữ: | Tiếng Anh Tiếng Pháp Tiếng Đức |
| Được phát hành: |
Lublin
Catholic University of Lublin
2000
|
| Loạt: | Law in History, 1
|
| Những chủ đề: | |
| Các nhãn: |
Thêm thẻ
Không có thẻ, Là người đầu tiên thẻ bản ghi này!
|
MARC
| LEADER | 00000nam a2200000 a 4500 | ||
|---|---|---|---|
| 001 | UCO7872 | ||
| 003 | CL-VaPUC | ||
| 008 | 001124e20000000PL |||||||||||||||||eng|d | ||
| 041 | 0 | 7 | |a eng |2 CL-VaPUC |
| 041 | 0 | 7 | |a fre |2 CL-VaPUC |
| 041 | 0 | 7 | |a ger |2 CL-VaPUC |
| 082 | 0 | 4 | |a 347 |b GOR |2 21 |
| 100 | 0 | |a Górski, Grzegorz |e author |9 452636 | |
| 245 | 1 | 0 | |a Evolution of the judicial law in XIXth century |
| 300 | |a 248 p | ||
| 942 | |c BK | ||
| 945 | |d 20001124 00:00:00 |a vberengu | ||
| 260 | |a Lublin |b Catholic University of Lublin |c 2000 | ||
| 650 | 0 | |a Codificación |9 258568 | |
| 650 | 0 | |a Derecho civil |9 255013 | |
| 650 | 0 | |a Derecho común |9 376758 | |
| 650 | 0 | |a Jueces |9 256162 | |
| 583 | |a last modification |c 20001124 00:00:00 |k Rodrigo Vera | ||
| 490 | 0 | |a Law in History, 1 | |
| 999 | |c 292715 |d 292713 | ||
| 952 | |0 0 |1 0 |4 0 |6 347_000000000000000_GOR_2000 |7 0 |8 DER_HIS |9 343774 |a BIBDER |b BIBDER |d 2019-11-20 |i 3651134 |o 347 GOR 2000 |p 3651134 |r 2023-01-25 |w 2019-11-20 |x Ubicación 4to Piso |y BK |z Estos recursos deben solicitarse con anticipación |k DER | ||